Statistics for People by Picture - J

Click here to take the quiz!

General Stats

  • This quiz has been taken 187 times
  • The average score is 10 of 18

Answer Stats

Answer % Correct
John F. Kennedy
99%
John Lennon
85%
Jennifer Aniston
85%
Joan of Arc
82%
Joseph Stalin
82%
J. K. Rowling
74%
Julie Andrews
63%
Johann Sebastian Bach
60%
Jesse Owens
56%
James Blunt
46%
Jeremy Clarkson
43%
James Earl Jones
42%
José Mourinho
42%
Jane Seymour
34%
Jenson Button
30%
J. R. R. Tolkien
20%
James Watt
17%
Jules Verne
6%

Score Distribution

Percentile by Number Answered

Percent of People with Each Score

Your Score History

You have not taken this quiz